| 000 | 00731nam a22001937a 4500 | ||
|---|---|---|---|
| 999 |
_c191372 _d191372 |
||
| 005 | 20220825113806.0 | ||
| 010 | _aENG-134663 | ||
| 020 |
_c425.00 _a978819681555 |
||
| 035 | _aEN-118195 | ||
| 037 | _bDBAD/PUB | ||
| 082 | _a373.13 | ||
| 100 | _aSharma, Om Prakash | ||
| 245 |
_aSecondary School Teachers: _bPhonological Knowledge, Their Pronounciation, Linguistic and Communicative competence in English/ _cOm Prakash Sharma; edited by A.K. Paliwal |
||
| 260 |
_aJaipur _bKALPANA PUBLICATIONS _c2012 |
||
| 270 |
_aShop no. 157, 2nd floor chanpole bazar _bJaipur _k0141-2317611, 9414053201 |
||
| 300 |
_a176p. _bAppendices, Bibliography _c22cm(hb) |
||
| 700 | _aPaliwal, A. K. | ||
| 942 |
_2ddc _cEN _h373.13 _mSHA |
||